Technology Changes, Innovations and Qualifications
Chápanie znalostnej ekonomiky ako vstup kvalitatívnych zmien do ekonomiky a spoločnosti. Technologické zmeny a kvalifikácie. Inovácie - technologické zmeny - reprodukcia práce. Globalizačné procesy a potreba práce. Inovácie a celoživotné vzdelávanie. Inovácie a trh práce.
Saved in:
| Main Author: | |
|---|---|
| Other Authors: | |
| Format: | Book Chapter |
| Language: | English |
| Subjects: | |
| Tags: |
No Tags, Be the first to tag this record!
|
MARC
| LEADER | 00000naa$a2200000$$$4500 | ||
|---|---|---|---|
| 001 | 0157027 | ||
| 005 | 20240502072737.6 | ||
| 041 | 0 | |a eng | |
| 044 | |a SK | ||
| 245 | 1 | 0 | |a Technology Changes, Innovations and Qualifications |c Pavlína Ivanová, Peter Staněk |
| 520 | |a Chápanie znalostnej ekonomiky ako vstup kvalitatívnych zmien do ekonomiky a spoločnosti. Technologické zmeny a kvalifikácie. Inovácie - technologické zmeny - reprodukcia práce. Globalizačné procesy a potreba práce. Inovácie a celoživotné vzdelávanie. Inovácie a trh práce. | ||
| 610 | 2 | 0 | |a zmeny technologické |
| 610 | 2 | 0 | |a inovácia |
| 610 | 2 | 0 | |a kvalifikácia |
| 610 | 2 | 0 | |a trh práce |
| 610 | 2 | 0 | |a vzdelávanie celoživotné |
| 610 | 2 | 0 | |a globalizácia |
| 100 | 1 | |a Ivanová, Pavlína | |
| 700 | 1 | |a Staněk, Peter | |